Slovakia - from an actuary's viewpoint

Na minha lista:
Detalhes bibliográficos
Autor principal: Luffrum, Graham
Outros Autores: Bilíková, Mária, 1951-
Formato: Capítulo de Livro
Idioma:inglês
Tags: Adicionar Tag
Sem tags, seja o primeiro a adicionar uma tag!

MARC

LEADER 00000naa$a2200000$$$4500
001 0063054
005 20240502083151.2
041 0 |a eng 
044 |a US 
245 1 0 |a Slovakia - from an actuary's viewpoint  |c Graham Luffrum, Mária Bilíková 
100 1 |a Luffrum, Graham 
700 1 |a Bilíková, Mária, 1951-